Quiz o złoczyńcach z kreskówek - Statystyki

Ogólne statystyki
  • Ten quiz został rozwiązany 19 razy
  • Średni wynik to 8 z 24
Statystyki odpowiedzi
Złoczyńca Kreskówka % Poprawnych
Joker Batman
94%
Skaza Król Lew
88%
Gargamel Smerfy
88%
Kapitan Hook Piotruś Pan
81%
Cruella de Vil 101 Dalmatyńczyków
56%
Sheldon J. Plankton SpongeBob Kanciastoporty
56%
Jafar Aladyn
50%
Urszula Mała syrenka
50%
Shredder Wojownicze Żółwie Ninja
50%
Mojo Jojo Atomówki
44%
Megatron Transformers
44%
Dr. Octopus Spider-Man
31%
Magneto X-Men
31%
Wiluś E. Kojot Pędziwiatr
25%
Maleficent Śpiąca królewna
19%
Sid Phillips Toy Story
13%
Kobra G.I. Joe
6%
Dr. Claw Inspektor Gadżet
6%
Kapitan Toksyna Kapitan Planeta
0%
Bluto Popeye
0%
Hunson Abadeer Pora na przygodę!
0%
Boris i Natasha Rocky i Bullwinkle
0%
Sideshow Bob Simpsonowie
0%
Skeletor Władcy Wszechświata
0%
Nie znaleziono quizów pasujących do podanych kryteriów
Rozkład punktacji
Procent ludzi z każdym wynikiem
Percentyl według liczby udzielonych odpowiedzi
Twoja historia wyników
Nie rozwiązałeś tego quizu